DARBOUX PROPERTY OF FINITELY ADDITIVE MEASURE ON □-RING

Bibliographic Details
Main Author: Olejček, Vladimír, 1946- (Author)
Format: Article
Language:English

MARC

LEADER 00000nab a2200000uu 4500
001 vtls011451028
003 SK-MaSNL
005 20260303151406.0
008 230222|1977 xo |||||||||||||||||eng|
015 |a SNBRB 
035 |a (urnnbn)urn:nbn:sk:snk:ar-006k9n 
035 |a (uuid)9bdbd049-513e-4582-8031-66cbc36d36f1 
035 |a urn:nbn:sk:snk-abcn2z 
040 |a SNKBUCL  |b slo  |c SNKBUCL  |e AACR2 
041 0 |a eng 
044 |a xo  |c SK 
100 1 |a Olejček, Vladimír,  |d 1946-  |4 aut  |9 206890 
245 1 0 |a DARBOUX PROPERTY OF FINITELY ADDITIVE MEASURE ON □-RING  |c Vladimír Olejček 
773 0 |t Mathematica Slovaca  |g Roč. 27, č. 2 (1977), s. 195-201 
958 |a OND 
958 |a EUIPO 
958 |a article16 
999 |c 2017513  |d 2019443